ART OF THE START THE TIME TESTED BATTLE (Record no. 20316)
[ view plain ]
| 000 -LEADER | |
|---|---|
| fixed length control field | 00322nam a2200133Ia 4500 |
| 008 - FIXED-LENGTH DATA ELEMENTS--GENERAL INFORMATION | |
| fixed length control field | 240624s9999 xx 000 0 und d |
| 041 ## - LANGUAGE CODE | |
| Language code of text/sound track or separate title | eng |
| 082 ## - DEWEY DECIMAL CLASSIFICATION NUMBER | |
| Classification number | 658.421 KAW |
| 100 ## - MAIN ENTRY--PERSONAL NAME | |
| Personal name | KAWASAKI GUY |
| 245 ## - TITLE STATEMENT | |
| Title | ART OF THE START THE TIME TESTED BATTLE |
| 260 ## - PUBLICATION, DISTRIBUTION, ETC. | |
| Date of publication, distribution, etc. | 2004 |
| Place of publication, distribution, etc. | USA |
| Name of publisher, distributor, etc. | Penguin |
| 300 ## - PHYSICAL DESCRIPTION | |
| Extent | 226 : p. |
| 365 ## - TRADE PRICE | |
| Currency code | |
| Price amount | 26 |
| Withdrawn status | Lost status | Damaged status | Not for loan | Home library | Current library | Shelving location | Date acquired | Source of acquisition | Cost, normal purchase price | Total Checkouts | Full call number | Barcode | Date last seen | Date last checked out | Copy number | Price effective from | Koha item type |
|---|---|---|---|---|---|---|---|---|---|---|---|---|---|---|---|---|---|
| IMTN | IMTN | Rack 32-A | 11/29/2012 | IBH | 27.95 | 1 | 658.421 KAW | 20316 | 12/25/2025 | 12/17/2025 | 55.9 | 06/24/2024 | Books |